E-business : (Record no. 200744)

MARC details
000 -LEADER
fixed length control field 00832nam a2200265Ia 4500
005 - DATE AND TIME OF LATEST TRANSACTION
control field 20231010160136.0
008 - FIXED-LENGTH DATA ELEMENTS--GENERAL INFORMATION
fixed length control field 210716s2000 xx 000 0 und d
020 ## - INTERNATIONAL STANDARD BOOK NUMBER
International Standard Book Number 013085123X
040 ## - CATALOGING SOURCE
Transcribing agency AIMIT LIBRARY
041 ## - LANGUAGE CODE
Language code of text/sound track or separate title eng
082 ## - DEWEY DECIMAL CLASSIFICATION NUMBER
Classification number 658.84
Edition number 1
Item number AMOD
100 ## - MAIN ENTRY--PERSONAL NAME
Personal name Amor, Daniel.
9 (RLIN) 137253
245 ## - TITLE STATEMENT
Title E-business :
Remainder of title (R) evolution /
250 ## - EDITION STATEMENT
Edition statement 1st ed.
260 ## - PUBLICATION, DISTRIBUTION, ETC.
Place of publication, distribution, etc. USA :
Name of publisher, distributor, etc. Prentice Hall ,
Date of publication, distribution, etc. 2000.
300 ## - PHYSICAL DESCRIPTION
Extent xxiii,636p. ;
Other physical details PB :
Dimensions 23 cm.
650 ## - SUBJECT ADDED ENTRY--TOPICAL TERM
Topical term or geographic name entry element Internet Business
9 (RLIN) 137254
650 ## - SUBJECT ADDED ENTRY--TOPICAL TERM
Topical term or geographic name entry element Preparing the Online Business
9 (RLIN) 137255
650 ## - SUBJECT ADDED ENTRY--TOPICAL TERM
Topical term or geographic name entry element Selecting the Technology
9 (RLIN) 137256
650 ## - SUBJECT ADDED ENTRY--TOPICAL TERM
Topical term or geographic name entry element Avoiding Legal Issues
9 (RLIN) 137257
650 ## - SUBJECT ADDED ENTRY--TOPICAL TERM
Topical term or geographic name entry element Marketing Strategies on the Web
9 (RLIN) 137258
650 ## - SUBJECT ADDED ENTRY--TOPICAL TERM
Topical term or geographic name entry element E Business Applications
9 (RLIN) 137259
650 ## - SUBJECT ADDED ENTRY--TOPICAL TERM
Topical term or geographic name entry element Internet Technologies
9 (RLIN) 137260
942 ## - ADDED ENTRY ELEMENTS (KOHA)
Source of classification or shelving scheme Dewey Decimal Classification
Koha item type Book
Edition 1st
Call number prefix 658.84 AMOD
Holdings
Withdrawn status Lost status Source of classification or shelving scheme Damaged status Not for loan Collection code Home library Current library Date acquired Inventory number Total Checkouts Full call number Barcode Date last seen Date last checked out Price effective from Koha item type
    Dewey Decimal Classification     MBA St Aloysius Institute of Management & Information Technology St Aloysius Institute of Management & Information Technology 07/16/2021 Bill no:; Bill dt:1900-01-00 1 658.84 AMOD MBA00773 05/23/2026 02/21/2022 07/16/2021 Book
    Dewey Decimal Classification     MBA St Aloysius Institute of Management & Information Technology St Aloysius Institute of Management & Information Technology 03/02/2006 Bill no:; Bill dt:1900-01-00   658.84 AMOD MBA03309 05/23/2026   07/16/2021 Book